Podpora vidieckej turistiky v rámci Osi 3 Národného strategického plánu rozvoja vidieka SR na roky 2007-2013 diplomová práca

Enregistré dans:
Détails bibliographiques
Auteur principal: Bohúňová, Daniela
Collectivité auteur: Národohospodárska fakulta EU. Katedra verejnej správy a regionálneho rozvoja
Autres auteurs: Mišúnová, Ema
Format: Livre
Langue:slovaque
Publié: Bratislava 2012
Tags: Ajouter un tag
Pas de tags, Soyez le premier à ajouter un tag!

MARC

LEADER 00000nbm a2200000 4500
001 0152151
005 20161109102015.2
041 0 |a slo 
044 |a SK 
245 1 0 |a Podpora vidieckej turistiky v rámci Osi 3 Národného strategického plánu rozvoja vidieka SR na roky 2007-2013  |b diplomová práca  |c Daniela Bohúňová ; školiteľ: Ema Mišúnová 
264 1 |a Bratislava  |c 2012 
300 |a 78 s. 
100 1 |a Bohúňová, Daniela 
700 1 |a Mišúnová, Ema 
710 2 |a Národohospodárska fakulta EU. Katedra verejnej správy a regionálneho rozvoja